Také KEB služby zasáhla krize
Kuriérne, expresné a balíkové služby zaznamenávali v posledných rokoch pravidelný nárast a prognózy predpovedali, že zo všetkých dopravných služieb sa tieto služby najlepšie vyrovnajú s dôsledkami hospodárskej krízy. Súčasnosť však ukazuje, že aj v tejto oblasti sú dopady krízy vážne. Ako sa vyrovná...
Gespeichert in:
| 1. Verfasser: | |
|---|---|
| Format: | Buchkapitel |
| Sprache: | Tschechisch |
| Schlagworte: | |
| Tags: |
Keine Tags, Fügen Sie das erste Tag hinzu!
|
MARC
| LEADER | 00000naa$a2200000$$$4500 | ||
|---|---|---|---|
| 001 | 0092426 | ||
| 005 | 20231129094951.7 | ||
| 041 | 0 | |a cze | |
| 044 | |a CZ | ||
| 245 | 1 | 0 | |a Také KEB služby zasáhla krize |c Jiří Kladiva |
| 520 | |a Kuriérne, expresné a balíkové služby zaznamenávali v posledných rokoch pravidelný nárast a prognózy predpovedali, že zo všetkých dopravných služieb sa tieto služby najlepšie vyrovnajú s dôsledkami hospodárskej krízy. Súčasnosť však ukazuje, že aj v tejto oblasti sú dopady krízy vážne. Ako sa vyrovnávajú kuriérne služby s dôsledkami krízy vo Francúzsku, Holandsku, Nemecku, Nórsku, USA a vo Veľkej Británii. | ||
| 610 | 2 | 0 | |a zásielky poštové |
| 610 | 2 | 0 | |a pošty |
| 610 | 2 | 0 | |a preprava |
| 610 | 2 | 0 | |a doprava cestná |
| 610 | 2 | 0 | |a doprava letecká |
| 610 | 2 | 0 | |a doprava železničná |
| 610 | 2 | 0 | |a kríza hospodárska |
| 610 | 2 | 0 | |a svet |
| 100 | 1 | |a Kladiva, Jiří | |